RuPaul's Drag Race Season 10 Queens in Order - Statistics

General Stats
  • This quiz has been taken 171 times
    159 since last reset
  • The average score is 11 of 14
Answer Stats
Hint Answer % Correct
Winner Aquaria
90%
Runner-ups Eureka O'Hara
89%
14th Vanessa Vanjie Mateo
89%
4th Asia O'Hara
88%
Runner-ups Kameron Michaels
84%
5th Miz Cracker
84%
6th Monét X Change
80%
8th Monique Heart
79%
7th The Vixen
76%
9th Blair St. Clair
73%
13th Kalorie Karbdashian Williams
69%
10th Mayhem Miller
68%
11th Dusty Ray Bottoms
67%
12th Yuhua Hamasaki
67%
No matching quizzes found
Score Distribution
Percent of People with Each Score
Percentile by Number Answered
Your Score History
You have not taken this quiz since the last reset